| 000 | 00560nam a2200121Ia 4500 | ||
|---|---|---|---|
| 008 | 220620s9999||||xx |||||||||||||| ||und|| | ||
| 245 | 0 |
_aSocio-gerontechnology _bInterdisciplinary Critical Studies of Ageing and Technology |
|
| 546 | _aEnglish[eng] | ||
| 650 | _aChild, developmental and lifespan psychology||Society and culture: general||Sociology||Disability: social aspects | ||
| 700 | _aPeine, Alexander||Marshall, Barbara L.||Martin, Wendy||Neven, Louis | ||
| 856 | _uhttps://library.oapen.org/bitstream/20.500.12657/54183/1/9781000300529.pdf | ||
| 942 | _cEB | ||
| 999 |
_c25530 _d25530 |
||